000 00736nam a2200229Ia 4500
003 OSt
005 20220923221912.0
006 a|||||r|||| 00| 0
007 ta
008 220922b |||||||| |||| 00| 0 urd d
024 _a200,942
037 _cTextual
040 _aARTS
_cARTS
_burd
041 _2urd
_aurd
082 _aO168,1L97:g, 152K9
100 _aअब्बासी, नूरनबी
245 0 _aगालिब
_b व्यक्तित्व और कृतित्व
246 _aGāliba: vyaktitva aur kṛutitva
650 _aउर्दू साहित्य
942 _hO168,1L97:g, 152K9
_cTEXL
_2CC
999 _c352605
_d352605